Регионална библиотека "Любен Каравелов" - Русе

Рани от власт (Запис номер 530389)

MARC детайли
000 -Лидер
Контролно поле с фиксирана дължина 02550nam a2200409 c 4500
003 - Код на организацията, давaща контролен номер
Контролно поле BLK
005 - Дата и час на последна редакция
Контролно поле 20250725164545.0
008 - Елементи от данни с фиксирана дължина
fixed length control field 180410b bul|||||r ||||||| ||bul||
020 ## - Международен стандартен номер на книга ISBN
Международен стандартен номер на книга ISBN 9789540918792
Поясняваща информация мека подв.
020 ## - Международен стандартен номер на книга ISBN
Международен стандартен номер на книга ISBN 9789540909141
Поясняваща информация твърда подв.
020 ## - Международен стандартен номер на книга ISBN
Международен стандартен номер на книга ISBN 9789540918921
Поясняваща информация футляр
040 ## - Източник на каталожния запис
Идентификатор на билиотеката - собственик на записа BLK
041 ## - Код за език
Код за езика на текст/звукозапис или на отделно заглавие Български
Код за езика КДБФ Български
080 ## - УДК
Текстов определител УДК Вътрешна политика. Вж и 329
УДК код - определител по УДК 323
УДК - код + определител 323(497.2)(092)(047.53)
080 ## - УДК
Текстов определител УДК Цивилизация. Култура. Прогрес. История на културата вж 930.85
УДК код - определител по УДК 008
УДК - код + определител 008(497.2)(092)(047.53)
080 ## - УДК
Текстов определител УДК Биографии - България
УДК код - определител по УДК 929(497.2)
УДК - код + определител 929(497.2)(047.53)
100 1# - Редна дума - Автор
Автор Велева, Валерия Веселинова
Авторска отговорност първи автор
R(LIN) 305126
139 ## - Редно поле
Редна дума Велева, Валерия Веселинова
Авторски знак Веле - В 38
245 10 - Сведения за заглавието
Заглавие Рани от власт
Подзаглавни данни 50 знакови интервюта с политици и интелектуалци
Редно поле (дума) Валерия Веселинова Велева.
250 ## - Област на изданието
Сведения за изданието 2. прераб. и доп. изд.
257 ## - Страна на издаване
Страна на създаване/издаване България
260 ## - Област на издателските данни
Име на издателя, разпространителя и проч. Захарий Стоянов
-- Когнито
Година на издаване 2025
Място на издаване, разпространение и проч. София
300 ## - Физическа характеристика
Страници 664 с.
Илюстрации и др. с портр., ил.
Размери/Мащаб 24 см
380 ## - Жанр
Жанр Обществени науки
500 ## - Общи забележки
Забележка Други ил.: Иван Донов, Георги Цветков, Антон Станков<br/>Възприетата форма на името на ил. Деси Веселинова е Десислава Веселинова<br/>1. изд. 2015<br/>Утешения в бутафорията / Кеворк Кеворкян: с. 7-11 ; Деградацията, израждането на политическата класа ставаше постепенно, но най-лошото предстои / Стефан Цанев ; Стойте изправени. Вазов е нашата мярка за изправено чело / Антон Дончев ; Всички сме грешни, но политиците най-много / Георги Марков с. 655-659
500 ## - Общи забележки
Забележка Само книгите с твърда подв. са във футляр.
650 #0 - Допълнително описание по предмет – тема
Основно описание – тема или топоним Политици, български
9 (RLIN) 242530
650 #0 - Допълнително описание по предмет – тема
Основно описание – тема или топоним Научни и културни дейци - България
9 (RLIN) 279230
653 ## - Ключова дума – ненормативна
Ключова дума интервюта
852 ## - Местоположение
Форматна сигнатура Цб 326634
856 4# - Електронен адрес и достъп
Електронен формат pdf - файл
856 4# - Електронен адрес и достъп
Електронен формат pdf - файл
942 ## - АРТИКУЛИ
Вид на библиотечния материал Книги
Скрит в OPAC Не
Koha issues (borrowed), all copies 6
944 ## - СЪЗДАВАНЕ И РЕДАКЦИЯ на ЗАПИСА
Дата на регистрацията/редакция Нора Радева
Служител, извършил регистрацията/редакцията 30546
Статус, дата на статуса Ренета Константинова
999 ## - СИСТЕМНИ КОНТРОЛНИ НОМЕРА
Koha biblionumber 530389
Koha biblioitemnumber 530389
999 ## - СИСТЕМНИ КОНТРОЛНИ НОМЕРА
Koha biblioitemnumber 530389
999 ## - СИСТЕМНИ КОНТРОЛНИ НОМЕРА
Koha biblioitemnumber 530389
Наличности
Код за отписване Код за изгубен артикул Източник на класификационната схема Код за повреда Коз за рестрикции Код за отдаване Артикулен № Име на библиотеката - собственик Име на библиотеката, в която се намира в момента Статус (Текущо местоположение) Дата на вписване в системата Местоположение - отдел Цена в лева Инвентарен номер Систематично азбучна сигнатура Баркод Цена в евро Служебен тип на артикула
  Не е изгубен Universal Decimal Classification Не е повреден само за читалня ползва се в читалня 966625 Регионална библиотека "Любен Каравелов" Русе Регионална библиотека "Любен Каравелов" Русе Хранилище 2025-04-10 Хранилище 30.00 120000919229 Цб 326634 120000919229 15.34 Книги
  Не е изгубен Universal Decimal Classification Не е повреден   заемане за дома 969512 Регионална библиотека "Любен Каравелов" Русе Регионална библиотека "Любен Каравелов" Русе Заемна - подръчен фонд 2025-04-30 Заемна - подръчен фонд 40.00 120000919281 323(497.2)/В 38 В 120000919281 20.45 Книги
Vip Innovations Ltd, Rousse, Bulgaria 2025